Govt. of
Madhya Pradesh

Gender And Empowerment (Record no. 54584)

MARC details
000 -LEADER
fixed length control field 00441nam a22001697a 4500
003 - CONTROL NUMBER IDENTIFIER
control field MACL
005 - DATE AND TIME OF LATEST TRANSACTION
control field 20160721145224.0
008 - FIXED-LENGTH DATA ELEMENTS--GENERAL INFORMATION
fixed length control field 160721b xxu||||| |||| 00| 0 eng d
040 ## - CATALOGING SOURCE
Transcribing agency MACL
041 ## - LANGUAGE CODE
Language code of text/sound track or separate title English
082 ## - DEWEY DECIMAL CLASSIFICATION NUMBER
Classification number 300 MAN
100 ## - MAIN ENTRY--PERSONAL NAME
Personal name Mandal, Keshab Chandra
9 (RLIN) 13763
245 ## - TITLE STATEMENT
Title Gender And Empowerment
Statement of responsibility, etc. Keshab Chandra Mandal
260 ## - PUBLICATION, DISTRIBUTION, ETC. (IMPRINT)
Place of publication, distribution, etc. Kolkata
Name of publisher, distributor, etc. Levant Books
Date of publication, distribution, etc. 2012
650 ## - SUBJECT ADDED ENTRY--TOPICAL TERM
Topical term or geographic name as entry element Women's Power
9 (RLIN) 64869
942 ## - ADDED ENTRY ELEMENTS (KOHA)
Source of classification or shelving scheme
Koha item type Books
Holdings
Withdrawn status Lost status Source of classification or shelving scheme Damaged status Not for loan Home library Current library Date acquired Cost, normal purchase price Full call number Barcode Date last seen Price effective from Koha item type
          MACL MACL 21/07/2016 595.00 300 MAN CRE032199 02/05/2024 21/07/2016 Books